Slovak Academic Geographical Institutions

Gespeichert in:
Bibliographische Detailangaben
Weitere Verfasser: Drgoňa, Vladimír, Buček, Ján, Mandzak, Peter
Format: Buch
Sprache:Englisch
Veröffentlicht: Bratislava University of Education 1994
Ausgabe:1. vyd.
Schlagworte:
Tags: Tag hinzufügen
Keine Tags, Fügen Sie das erste Tag hinzu!

MARC

LEADER 00000nam a2200000 4500
001 c009460
005 20221214074807.2
020 |a 80-967199-7-1 
041 0 |a eng 
044 |a SK 
245 1 0 |a Slovak Academic Geographical Institutions  |c Edit. Vladimír Drgoňa ; Prekl. Ján Buček, Peter Mandzak 
250 |a 1. vyd. 
264 1 |a Bratislava  |b University of Education  |c 1994 
300 |a 35 s. 
610 2 0 |a geografia 
610 2 0 |a ústavy vedecké 
610 2 0 |a ústavy výskumné 
610 2 0 |a školy vysoké 
610 2 0 |a Slovensko 
700 1 |a Drgoňa, Vladimír 
700 1 |a Buček, Ján 
700 1 |a Mandzak, Peter